Human biology and health : (Record no. 7001)

MARC details
000 -LEADER
fixed length control field 01509cam a22004214a 4500
001 - CONTROL NUMBER
control field 1128207
003 - CONTROL NUMBER IDENTIFIER
control field OSt
005 - DATE AND TIME OF LATEST TRANSACTION
control field 20210823151535.0
008 - FIXED-LENGTH DATA ELEMENTS--GENERAL INFORMATION
fixed length control field 010323s2001 enka b 001 0 eng
010 ## - LIBRARY OF CONGRESS CONTROL NUMBER
LC control number 2001021659
020 ## - INTERNATIONAL STANDARD BOOK NUMBER
International Standard Book Number 9780335208395
020 ## - INTERNATIONAL STANDARD BOOK NUMBER
International Standard Book Number 0335208398
040 ## - CATALOGING SOURCE
Original cataloging agency DLC
Transcribing agency DDC
Modifying agency YDX
041 0# - LANGUAGE CODE
Language code of text/sound track or separate title eng
042 ## - AUTHENTICATION CODE
Authentication code pcc
-- nlmcopyc
050 00 - LIBRARY OF CONGRESS CALL NUMBER
Classification number RB152
Item number .H85 2001
060 00 - NATIONAL LIBRARY OF MEDICINE CALL NUMBER
Classification number QZ 140
Item number H918 2001
082 00 - DEWEY DECIMAL CLASSIFICATION NUMBER
Classification number 595.79GOU 1998
100 ## - MAIN ENTRY--PERSONAL NAME
Personal name edited by Basiro Davey, Tim Halliday, and Mark Hirst.
9 (RLIN) 14359
245 00 - TITLE STATEMENT
Title Human biology and health :
Remainder of title an evolutionary approach /
Statement of responsibility, etc. edited by Basiro Davey, Tim Halliday, and Mark Hirst.
250 ## - EDITION STATEMENT
Edition statement Rev. full-colour 3rd ed.
260 ## - PUBLICATION, DISTRIBUTION, ETC. (IMPRINT)
Place of publication, distribution, etc. Buckingham ;
-- Phildelphia :
Name of publisher, distributor, etc. Open University Press,
Date of publication, distribution, etc. 2001.
300 ## - PHYSICAL DESCRIPTION
Extent 398 p. :
Other physical details ill. (chiefly col.) ;
Dimensions 27 cm.
336 ## - CONTENT TYPE
Content type term text
Content type code txt
Source rdacontent
337 ## - MEDIA TYPE
Media type term unmediated
Media type code n
Source rdamedia
338 ## - CARRIER TYPE
Carrier type term volume
Carrier type code nc
Source rdacarrier
490 1# - SERIES STATEMENT
Series statement Health and disease series ;
Volume/sequential designation bk. 4
504 ## - BIBLIOGRAPHY, ETC. NOTE
Bibliography, etc Includes bibliographical references (p. 363-371) and index.
650 12 - SUBJECT ADDED ENTRY--TOPICAL TERM
Topical term or geographic name as entry element Disease
Authority record control number https://id.nlm.nih.gov/mesh/D004194
9 (RLIN) 2376
650 22 - SUBJECT ADDED ENTRY--TOPICAL TERM
Topical term or geographic name as entry element Health
Authority record control number https://id.nlm.nih.gov/mesh/D006262
9 (RLIN) 2172
650 22 - SUBJECT ADDED ENTRY--TOPICAL TERM
Topical term or geographic name as entry element Physiology
Authority record control number https://id.nlm.nih.gov/mesh/D010827
9 (RLIN) 215
700 1# - ADDED ENTRY--PERSONAL NAME
Personal name Davey, Basiro.
9 (RLIN) 14360
700 1# - ADDED ENTRY--PERSONAL NAME
Personal name Halliday, Tim,
Dates associated with a name 1945-
9 (RLIN) 14361
700 1# - ADDED ENTRY--PERSONAL NAME
Personal name Hirst, Mark.
9 (RLIN) 14362
830 #0 - SERIES ADDED ENTRY--UNIFORM TITLE
Uniform title Health and disease series ;
Volume number/sequential designation bk. 4.
9 (RLIN) 14363
942 ## - ADDED ENTRY ELEMENTS (KOHA)
Source of classification or shelving scheme Dewey Decimal Classification
Koha item type Open Shelf
Holdings
Withdrawn status Lost status Source of classification or shelving scheme Damaged status Not for loan Home library Current library Date acquired Source of acquisition Inventory number Total Checkouts Full call number Barcode Date last seen Price effective from Koha item type
    Dewey Decimal Classification     MUST Main Library MUST Main Library 23/08/2021 Donation 03/18788   570HUM 2001 2021-0677 23/08/2021 23/08/2021 Open Shelf